Study listening: Understanding lectures and talks in English ( cassette 3 )
Zapisane w:
| 1. autor: | |
|---|---|
| Format: | Książka |
| Język: | Undetermined |
| Wydane: |
Cambridge Univ. Press
Cambridge, UK,1983
|
| Hasła przedmiotowe: | |
| Etykiety: |
Dodaj etykietę
Nie ma etykietki, Dołącz pierwszą etykiete!
|
| Thư viện lưu trữ: | Trung tâm Học liệu Trường Đại học Cần Thơ |
|---|
| LEADER | 00532nam a2200169Ia 4500 | ||
|---|---|---|---|
| 001 | CTU_57673 | ||
| 008 | 210402s9999 xx 000 0 und d | ||
| 082 | |a 428.34 | ||
| 082 | |b L987/T3 | ||
| 100 | |a Tony Lynch | ||
| 245 | 0 | |a Study listening: Understanding lectures and talks in English ( cassette 3 ) | |
| 245 | 0 | |c Tony Lynch | |
| 260 | |b Cambridge Univ. Press | ||
| 260 | |c Cambridge, UK,1983 | ||
| 650 | |a english language,english language | ||
| 650 | |x spoken language | ||
| 980 | |a Trung tâm Học liệu Trường Đại học Cần Thơ | ||